00559nam a2200145Ia 4500082001200000100001800012245009800030260006300128300001300191504004100204650003400245650004500279650005000324710003900374 aRR 0257 aRaman, Rakesh 0aComparative study of the socio-economic condition of small & big town urban street vendorsb: c2011bIndian Council of Social Science Research, New Delhi aiii, 203 aincludes appendices and bibliography aVendors and purchaserszIndia aStreet vendorsvSocial conditionszIndia aSocial conditionsvEconomic conditionszIndia aBanaras Hindu University, Varanasi